000 01276nas a22002537a 4500
007 c| aa aaaaa
008 231116s2023 xxk||||os||||o00| 0 eng d
041 _aeng
245 _aAdriatic Land 5 Ltd v Long Leaseholders at Hippersley Point
260 _a[2023] UKUT 271 (LC)
_bUpper Tribunal (Lands Chamber),
_c13 November 2023
520 _aThe costs of an application by a landlord to dispense with the consultation requirements in the Landlord and Tenant Act 1985 s.20 fell within the scope of the Building Safety Act 2022 Sch.8 para.9. As from the date on which Sch.8 para.9 came into force, such costs were therefore not recoverable, through the service charge, from leaseholders who held qualifying leases. That was so irrespective of when the costs were incurred or when the service charge became payable.
650 _aBUILDING SAFETY ACT 2022
650 _aCLADDING
650 _aFIRE PRECAUTIONS
650 _aLANDLORD AND TENANT
650 _aLEASEHOLD PROPERTY
650 _aLANDLORD AND TENANT ACT 1985
650 _aPLANNING PERMISSION
650 _aSERVICE CHARGES
650 _aQUALIFYING LEASES
650 _aTENANTS' RIGHTS
651 _aUnited Kingdom
856 _uhttps://www.bailii.org/uk/cases/UKUT/LC/2023/271.html
_zAvailable on BAILII
999 _c121718
_d121718